<?xml version="1.0" encoding="UTF-8"?>
<collection xmlns="http://www.loc.gov/MARC21/slim">
 <record>
  <leader>01318nam a2200193Ia 4500</leader>
  <controlfield tag="001">CTU_22577</controlfield>
  <controlfield tag="008">210402s9999    xx            000 0 und d</controlfield>
  <datafield tag="020" ind1=" " ind2=" ">
   <subfield code="b">63,000đ</subfield>
  </datafield>
  <datafield tag="082" ind1=" " ind2=" ">
   <subfield code="a">621.3803</subfield>
  </datafield>
  <datafield tag="082" ind1=" " ind2=" ">
   <subfield code="b">T550</subfield>
  </datafield>
  <datafield tag="245" ind1=" " ind2="0">
   <subfield code="a">Từ điển kĩ thuật điện - điện tử - viễn thông (Anh - Việt - Pháp - Đức)</subfield>
  </datafield>
  <datafield tag="245" ind1=" " ind2="0">
   <subfield code="b">Dictionary of electrical engineering, electronics and telecommunication (English - Vietnamese - French - German)</subfield>
  </datafield>
  <datafield tag="260" ind1=" " ind2=" ">
   <subfield code="a">Hà Nội</subfield>
  </datafield>
  <datafield tag="260" ind1=" " ind2=" ">
   <subfield code="b">KHKT</subfield>
  </datafield>
  <datafield tag="260" ind1=" " ind2=" ">
   <subfield code="c">1998</subfield>
  </datafield>
  <datafield tag="520" ind1=" " ind2=" ">
   <subfield code="a">Khác với các từ điển song ngữ truyền thống, quyển từ điển này sắp xếp các thuật ngữ theo chuyên ngành, gồm khoảng 600 thuật ngữ chủ yếu như: Âm học, Điện đại cương, Điện hóa, Đo lường, Khí cụ điện, Kinh tế điện, Linh kiện điện tử, Mạch điện, Máy điện, Thử nghiệm thiết bị điện, Truyền hình, Tự động hóa, Vật liệu điện, Vật liệu từ, Viễn thông</subfield>
  </datafield>
  <datafield tag="650" ind1=" " ind2=" ">
   <subfield code="a">electric engineering - dictionaries,electronics - dictionaries,telecommunications - terminology</subfield>
  </datafield>
  <datafield tag="904" ind1=" " ind2=" ">
   <subfield code="i">Minh, 980516</subfield>
  </datafield>
  <datafield tag="980" ind1=" " ind2=" ">
   <subfield code="a">Trung tâm Học liệu Trường Đại học Cần Thơ</subfield>
  </datafield>
 </record>
</collection>
